Manufacturing the news

Gespeichert in:  
Bibliographische Detailangaben
1. VerfasserIn: Fishman, Mark (Verfasst von)
Medienart: Druck Buch
Sprache:Englisch
Veröffentlicht: Austin [u.a.] Univ. of Texas Press 1980
In:Jahr: 1980
Online-Zugang: Autorenbiografie (Verlag)
Bestand in Tübingen:In Tübingen vorhanden.
UB: KB 12 A 567
Verfügbarkeit prüfen: HBZ Gateway
Subito Bestelldienst: Jetzt bestellen.
Schlagwörter:

MARC

LEADER 00000cam a2200000 c 4500
001 197309828
003 DE-627
005 20260206195201.0
007 tu
008 960428s1980 xxu||||| 00| ||eng c
010 |a  79022374  
020 |a 9780292751040  |9 978-0-292-75104-0 
020 |a 0292750544  |9 0-292-75054-4 
035 |a (DE-627)197309828 
035 |a (DE-603)133507920 
035 |a (DE-576)007849281 
035 |a (DE-599)GBV197309828 
035 |a (OCoLC)251576510 
035 |a (OCoLC)05493445 
035 |a (DE-604)8033792577 
040 |a DE-627  |b ger  |c DE-627  |e rakwb 
041 |a eng 
044 |c XD-US 
050 0 |a PN4781 
082 0 |a 070.4  |q LOC 
084 |a AP 26000  |2 rvk  |0 (DE-625)rvk/7178: 
084 |a AP 26150  |2 rvk  |0 (DE-625)rvk/7181: 
084 |a MS 7970  |2 rvk  |0 (DE-625)rvk/123802: 
084 |a 05.40  |2 bkl 
100 1 |a Fishman, Mark  |4 aut 
245 1 0 |a Manufacturing the news  |c by Mark Fishman 
264 1 |a Austin [u.a.]  |b Univ. of Texas Press  |c 1980 
300 |a 180 S 
336 |a Text  |b txt  |2 rdacontent 
337 |a ohne Hilfsmittel zu benutzen  |b n  |2 rdamedia 
338 |a Band  |b nc  |2 rdacarrier 
500 |a Includes bibliographical references (S. 167 - 172) and index 
505 8 |a Literaturverz. S. 167-172 
505 8 |a Literaturverz. S. 167-172 
650 0 |a Reporters and reporting 
650 0 7 |0 (DE-588)4049528-0  |0 (DE-627)106186612  |0 (DE-576)20908247X  |a Reportage  |2 gnd 
650 0 7 |0 (DE-588)4121560-6  |0 (DE-627)104501073  |0 (DE-576)209544228  |a Recherche  |2 gnd 
650 0 7 |0 (DE-588)4127996-7  |0 (DE-627)104116552  |0 (DE-576)209598336  |a Nachricht  |2 gnd 
689 0 0 |d s  |0 (DE-588)4121560-6  |0 (DE-627)104501073  |0 (DE-576)209544228  |a Recherche  |2 gnd 
689 0 |5 (DE-627) 
689 1 0 |d s  |0 (DE-588)4127996-7  |0 (DE-627)104116552  |0 (DE-576)209598336  |a Nachricht  |2 gnd 
689 1 |5 (DE-627) 
689 2 0 |d s  |0 (DE-588)4049528-0  |0 (DE-627)106186612  |0 (DE-576)20908247X  |a Reportage  |2 gnd 
689 2 |5 (DE-627) 
856 4 2 |u http://www.loc.gov/catdir/enhancements/fy1502/79022374-b.html  |v 2015-01-21  |x Verlag  |3 Autorenbiografie  |7 1 
889 |w (DE-627)440547733 
935 |i mdedup 
935 |i Blocktest 
935 |h HEB  |i 0501 
935 |h HEB  |i 0503 
936 r v |a AP 26000  |b Allgemeines  |k Allgemeines  |k Medien- und Kommunikationswissenschaften, Medienkulturwissenschaft, Kommunikationsdesign  |k Zeitungswissenschaft  |k Redaktion  |k Allgemeines  |0 (DE-627)1270686496  |0 (DE-625)rvk/7178:  |0 (DE-576)200686496 
936 r v |a AP 26150  |b Materialsammlung, Texterstellung  |k Allgemeines  |k Medien- und Kommunikationswissenschaften, Medienkulturwissenschaft, Kommunikationsdesign  |k Zeitungswissenschaft  |k Redaktion  |k Materialsammlung, Texterstellung  |0 (DE-627)1270686526  |0 (DE-625)rvk/7181:  |0 (DE-576)200686526 
936 r v |a MS 7970  |b Berufsmäßige Kommunikatoren (auch Werbung)  |k Soziologie  |k Spezielle Soziologien  |k Soziologie der Massenkommunikation und öffentlichen Meinung, Mediensoziologie  |k Berufsmäßige Kommunikatoren (auch Werbung)  |0 (DE-627)1271441772  |0 (DE-625)rvk/123802:  |0 (DE-576)201441772 
936 b k |a 05.40  |j Nachrichtenwesen  |0 (DE-627)106417487 
936 s n |a a300  |2 mzub 
936 s n |a m200  |2 mzub 
951 |a BO 
ELC |b 1 
LOK |0 000 xxxxxcx a22 zn 4500 
LOK |0 001 3156226734 
LOK |0 003 DE-627 
LOK |0 004 197309828 
LOK |0 005 20020606000000 
LOK |0 008 901113||||||||||||||||ger||||||| 
LOK |0 040   |a DE-21  |c DE-627  |d DE-21 
LOK |0 852   |a DE-21 
LOK |0 852 1  |c KB 12 A 567  |9 00 
LOK |0 935   |a krim 
LOK |0 936ln  |a k7.3.3.5 
LOK |0 939   |a 13-11-90  |b l01 
ORI |a SA-MARC-krimdoka001.raw 
SIG |a UB: KB 12 A 567